00909nam a2200217 a 4500001001000000003000900010005001700019007000300036008004100039020001500080040002500095082001300120245003100133260008200164300002100246500002100267505022900288610002900517650008800546710005700634000016012DO-SdBNP20260422135659.0ta100223s1997 dr 001 0 spa d a8492116110 aDO-SdBNPbspacBNPHU 4bJ95d22200aJurisprudencia dominicana  aSanto Domingo :bCapel DominicanabCentro de Información Juridíca,c1997- a343 p. ;c23 cm. aIncluye índice a [1.] Recopilación de las sentencias de la Suprema Corte de Justicia, julio, agosto y septiembre de 1990 -- 2. Recopilación de sentencias dictadas por la Suprema Corte de Justicia, octubre, noviembre y diciembre de 1990.1 aSuprema Corte de Jsticia 7aJurisprudenciaxRecopilaciones, repertorios, etczRepública Dominicana2LIBRUNAM 1 aRepública Dominicana. bSuprema Corte de Justicia.